01570nam a2200241Ia 4500001000600000003000900006008004100015040001300056040001300069041001300082100001900095100002900114245002100143245002100164250001100185260001100196260001200207260004900219300005700268500093700325650003501262650003101297G5014IT-RoPAU130308s9999 xx 000 0 und d aIT-RoPAU cIT-RoPAU aITALIANO aPaci Gabriella gCodice Aut. SPICS: 23926 aTelevisione (La) bTelevisione (La) a1a ed. aNAPOLI bEllissi c2000 [1° Ed.:2000 - Ed.Ling.Originale:2000] a"382 p. (prefazione: no ; testo: 382 [pagine: 0-0])" a"Televisione: Processo Televisivo o Sviluppo Storico del Mezzo; Industria Espettacolo: Broadcast Negli Stati Uniti, Modello Pubblico Europeo, Televisione in Italia; Organizzazione produttiva e figure Professionali: impresa Televisiva, Informazione Televisiva; Nuovi Scenari: innovazioni Tecnologiche, Televisione Digitale, Dvb, Analogico/Digitale/Multimediale, Televisione Interattiva, Televisione e Rete, fusioni tra I Media, Dalla web tv al Webcasting; cambiamento del Sistema: Oltre Il Modello Generalista: Pay Tv, tv di Nicchia, Pay per View, video On Demand, tv Oggi in Usa, Europa e Italia, fusione dei Gruppi, Nuovo Pubblico Televisivo. Strumenti: consigli di Lettura; Cronologie Sulle principali tappe Dello Sviluppo Tecnico e produttivo Delmezzo in Usa, Europa e Italia; Schede biografiche dei protagonisti della Storia Tecnica e Produttiva; Glossario che Indicizza I termini Utilizzati nel Volume; Bibliografia Ragionata." aENCICLOPEDIE DELLA TELEVISIONE eCodice materia Spics: 6951